00729nam a22002417a 450000500170000001000110001702000210002803500110004903700160006004000120007608200130008810000180010124500860011926000490020527000440025430000210029849000240031950000200034365000500036365000390041370000160045270000190046820170124110251.0 a522682 c00.00a340059478 a522682 bCen Lib/Ret aDPLbEN a902bPAS aPascoe, L.C.  aEncyclopaedia of dates and events /cby L.C. Pascoe, A.J. Lee [and] E.S. Jenkins  aLondon bThe English University Press c1968 bLondon aSt Paul's house warwick lane  a774p. c15cm(Hb) aThe teach yourself  aIncludes index  aDates and events -- History -- Encyclopaedia  aDates and events -- Encyclopaedia  aLee , A.J.  aJenkins, E.S.